Shadow / (Record no. 3522)

MARC details
000 -LEADER
fixed length control field 00718nam a2200217 ar4500
001 - CONTROL NUMBER
control field 3524
005 - DATE AND TIME OF LATEST TRANSACTION
control field 20221127090751.0
008 - FIXED-LENGTH DATA ELEMENTS--GENERAL INFORMATION
fixed length control field 130925s xxk 0001f|eng d
020 ## - INTERNATIONAL STANDARD BOOK NUMBER
International Standard Book Number 9781847671707(pbk)
082 04 - DEWEY DECIMAL CLASSIFICATION NUMBER
Classification number 839.78
Item number Al89 2009
100 1# - MAIN ENTRY--PERSONAL NAME
Personal name Alvtegen, Karin,
Dates associated with a name 1965-.
245 10 - TITLE STATEMENT
Title Shadow /
Statement of responsibility, etc. Karin Alvtegen ; translated from the Swedish by McKinley Burnett.
260 ## - PUBLICATION, DISTRIBUTION, ETC.
Place of publication, distribution, etc. Edinburgh :
Name of publisher, distributor, etc. Canongate,
Date of publication, distribution, etc. 2009.
300 ## - PHYSICAL DESCRIPTION
Extent 311 p. ;
Dimensions 24 cm.
500 ## - GENERAL NOTE
General note Originally pub.: 2007.
650 #4 - SUBJECT ADDED ENTRY--TOPICAL TERM
Topical term or geographic name entry element Swedish fiction
General subdivision Translations into English.
650 #4 - SUBJECT ADDED ENTRY--TOPICAL TERM
Topical term or geographic name entry element Swedish fliterature
Chronological subdivision 21st century.
650 #4 - SUBJECT ADDED ENTRY--TOPICAL TERM
Topical term or geographic name entry element English fiction
General subdivision Foreign countries.
650 #4 - SUBJECT ADDED ENTRY--TOPICAL TERM
Topical term or geographic name entry element Suspense fiction.
700 0# - ADDED ENTRY--PERSONAL NAME
Personal name Burnett, McKinley,
Relator term translator.
Holdings
Withdrawn status Lost status Source of classification or shelving scheme Damaged status Not for loan Home library Current library Date acquired Total Checkouts Full call number Barcode Date last seen Copy number Price effective from Koha item type
              11/27/2022   839.78 Al89 2009 1000000010240 11/27/2022 C1 11/27/2022 Book